| Tag |
First Indicator |
Second Indicator |
Subfields |
| LEADER |
00000cam a2200000 4500 |
| 001 |
in00001925484 |
| 006 |
m | d | |
| 007 |
cr |n||||||||n |
| 008 |
810314s1796 ie |||| s 00||||eng d |
| 005 |
20260403175422.4 |
| 035 |
|
|
|a (CStRLIN)ESTCT118911
|
| 040 |
|
|
|a Uk-ES
|c Uk-ES
|d Cu-RivES
|d CStRLIN
|d Thomson Gale
|d UtOrBLW
|
| 100 |
1 |
|
|a Gunning,
|c Miss
|q (Elizabeth),
|d 1769-1823.
|
| 245 |
1 |
4 |
|a The foresters :
|b A novel. Altered from the French by Miss Gunning. In two volumes. ...
|
| 250 |
|
|
|a The second edition.
|
| 264 |
|
3 |
|a Dublin :
|b printed by William Porter, for P. Wogan, P. Byrne, J. Milliken, W. Porter, J. Rice [and 5 others in Dublin],
|c 1796.
|
| 300 |
|
|
|a 2 volumes ;
|c 12⁰.
|
| 336 |
|
|
|a text
|b txt
|2 rdacontent
|
| 337 |
|
|
|a computer
|b c
|2 rdamedia
|
| 338 |
|
|
|a online resource
|b cr
|2 rdacarrier
|
| 500 |
|
|
|a In fact an original work by Elizabeth Plunkett.
|
| 500 |
|
|
|a Reproduction of original from the British Library.
|
| 510 |
4 |
|
|a English Short Title Catalog,
|c ESTCT118911.
|
| 533 |
|
|
|a Electronic reproduction.
|b Farmington Hills, Mich. :
|c Thomson Gale,
|d 2003.
|n Available via the World Wide Web.
|n Access limited by licensing agreements
|7 s2003 miunns
|
| 500 |
|
|
|a Electronic resource.
|
| 830 |
|
0 |
|a Eighteenth century collections online.
|
| 856 |
4 |
0 |
|u http://proxy.library.tamu.edu/login?url=https://galenet.galegroup.com/servlet/ECCO?c=1&stp=Author&ste=11&af=BN&ae=T118911&tiPG=1&dd=0&dc=flc&docNum=CW112969432&vrsn=1.0&srchtp=a&d4=0.33&n=10&SU=0LRK&locID=txshracd2898
|z Full text online
|t 0
|
| 999 |
|
|
|a MARS
|
| 999 |
f |
f |
|s 3cac57cf-a31b-318c-9f69-86efb326eb4d
|i cc6f6376-331d-305a-9727-116ce7a7144d
|t 0
|
| 952 |
f |
f |
|a Texas A&M University
|b College Station
|c Electronic Resources
|s www_evans
|d Available Online
|t 0
|h No information provided
|
| 998 |
f |
f |
|t 0
|l Available Online
|